000 00673nam a2200241 a 4500
008
020 _a0750650125 (pbk.)
049 _aMAIN
090 _aNA9031
100 1 _aArida, Ayssar.
245 1 0 _aQuantum city /
_cAyssar Arida.
260 _aOxford :
_bArchitectural Press,
_c2002.
300 _axx, 257 p. :
_bill. ;
_c25 cm.
504 _aIncludes bibliographical references: p. 235-250.
500 _aIncludes index.
650 0 _aCity planning.
650 0 _aQuantum theory.
907 _a.b10083728
_b05-08-04
_c22-07-03
003
005 20230123133805.0
040 _cNUST
942 _cBOOKS
_kNA9031
999 _c154669
_d154669